Harry Potter and the Classification Match Quiz Stats

 Plays Quiz Updated Feb 13, 2018

Challenge
Share
Tweet
Score 0/20 Timer 04:00
16 Plays Today
% Correct
Dobby
97.8%
Hedwig
96.8%
Hermione Granger
96.6%
Nearly-Headless Nick
95.9%
Buckbeak
95.5%
Nagini
94.8%
Rubeus Hagrid
94.1%
Fawkes
93.5%
Aragog
93.4%
Crookshanks
93.2%
% Correct
Fenrir Greyback
91.5%
Fang
89.7%
Norbert(a)
89.2%
Firenze
88.7%
Argus Filch
88.6%
Peeves
88.2%
Grawp
87.8%
Griphook
86.7%
Fluffy
83.2%
Arnold
69.6%

You're not logged in!

Compare scores with friends on all Sporcle quizzes.
OR
Log In

You Might Also Like...

Show Comments

Extras

Top Quizzes Today


Score Distribution

Your Account Isn't Verified!

In order to create a playlist on Sporcle, you need to verify the email address you used during registration. Go to your Sporcle Settings to finish the process.

Report this User

Report this user for behavior that violates our Community Guidelines.

Details: